Pandit Jawaharlal Nehru / (Record no. 30542)
[ view plain ]
| 000 -LEADER | |
|---|---|
| fixed length control field | 00848nam a2200229 4500 |
| 005 - DATE AND TIME OF LATEST TRANSACTION | |
| control field | 2009092201161.0 |
| 008 - FIXED-LENGTH DATA ELEMENTS--GENERAL INFORMATION | |
| fixed length control field | 700624s1969 ii b 000 0 eng |
| 010 ## - LCCN (DPL NO) | |
| LC control number | B-358129 |
| 020 ## - INTERNATIONAL STANDARD BOOK NUMBER | |
| International Standard Book Number | 8181030184 |
| Terms of availability | 150.00 |
| 035 ## - SYSTEM CONTROL NUMBER | |
| System control number | B-358129 |
| 037 ## - SOURCE OF ACQUISITION | |
| Source of stock number/acquisition | DBAD / PUB |
| 040 ## - CATALOGING SOURCE | |
| Original cataloging agency | dpl |
| Language of cataloging | English |
| 082 ## - DEWEY DECIMAL CLASSIFICATION NUMBER | |
| Classification number | 921 |
| 100 ## - MAIN ENTRY--PERSONAL NAME | |
| Personal name | Sharma, Rohit |
| 245 ## - TITLE STATEMENT | |
| Title | Pandit Jawaharlal Nehru / |
| Statement of responsibility, etc | by Rohit Sharma; illustrated by Shankar Nayak |
| 260 ## - PUBLICATION, DISTRIBUTION, ETC. (IMPRINT) | |
| Place of publication, distribution, etc | Delhi |
| Name of publisher, distributor, etc | Seema Publishing House |
| Date of publication, distribution, etc | 2007 |
| 270 ## - ADDRESS | |
| Address | 30/21-A, First Floor, Gali No. 9, Vishwas Nagar, Shahdra |
| City | Delhi |
| Postal code | 110032 |
| 300 ## - PHYSICAL DESCRIPTION | |
| Extent | 128p. : |
| Dimensions | 22cm(Hb) |
| Other physical details | ill. |
| 700 ## - ADDED ENTRY--PERSONAL NAME | |
| Personal name | Nayak, Shankar |
| 942 ## - ADDED ENTRY ELEMENTS (KOHA) | |
| Source of classification or shelving scheme | Dewey Decimal Classification |
| Item type | Children Books |
| Classification part | 921 |
| Call number suffix | NEH |
| Withdrawn status | Lost status | Source of classification or shelving scheme | Damaged status | Not for loan | Collection code | Home library | Current library | Date acquired | Source of acquisition | Cost, normal purchase price | Total Checkouts | Total Renewals | Full call number | Barcode | Date last seen | Copy number | Cost, replacement price | Koha item type |
|---|---|---|---|---|---|---|---|---|---|---|---|---|---|---|---|---|---|---|
| Withdrawn | Dewey Decimal Classification | Non-fiction | Janak Puri | Janak Puri | 22/09/2009 | DBAD / PUB | 150.00 | 12 | 1 | 921 NEH | B-358129 | 28/06/2018 | 1 | 150.00 | Children Books |
